00899nam a2200265 i 4500001001000000003000400010005001700014007000300031008004100034040003300075082003100108100004900139245005900188250001800247264004900265300005500314336002800369337003300397338003000430490002000460500000600480586003700486600003800523651007200561000038071OSt20240314073719.0ta130312s2009 dr c 000 0 spa d aDO-SdBNPbspacDO-SdBNPerda 4a923.27293 bD812t 20092221 aTroncoso Sánchez, Pedro,d1904-1989eautor10aVida de Juan Pablo Duarte /cPedro Troncoso Sánchez. a3a edición aSanto Domingo :bInstituto Duartiano,c2009. a522 páginas :bilustraciones, retratos ;c21 cm. 2rdacontent atextobtxt 2rdamediaasin mediaciónbn 2rdacarrieravolumen bnc0 aDuartiana ;v11 a  aPremio Nacional de historia 197610aDuarte, Juan Pablo, d1813-1876 4aRepública DominicanaxHistotira yOcupación haitiana, 1822-1844